Normal view
MARC view
Entry Topical Term
001 - CONTROL NUMBER
- control field: 35651
003 - CONTROL NUMBER IDENTIFIER
- control field: ARRUPE
005 - DATE AND TIME OF LATEST TRANSACTION
- control field: 20170905102938.0
008 - FIXED-LENGTH DATA ELEMENTS
- fixed length control field: 170905|| aca||aabn | a|a d
040 ## - CATALOGING SOURCE
- Original cataloging agency: ARRUPE
- Transcribing agency: ARRUPE
150 ## - HEADING--TOPICAL TERM
- Topical term or geographic name as entry element: Faith
- General subdivision: Knowledge, Theory of (Religion)
670 ## - SOURCE DATA FOUND
- Source citation: Work cat.: (ARRUPE): Lowery, Kevin Twain 35650, The maturity of belief, 2007